000 00366nam a2200145 i 4500
001 bg
100 1 _aPAZDRO, Kazimierz
245 0 _aPomiary energoelektryczne w zakładach przemysłowych /
_cKazimierz Pazdro.
250 _aWyd.4 uzup.
260 _aWarszawa,
_c1970.
040 _cBPK
041 _apol
942 _cKS
008 s pl f |000 0 pol
999 _c7334
_d7334
856 _uhttp://koha.tu.koszalin.pl/cgi-bin/koha/opac-detail.pl?biblionumber=7334
_yKatalog online BPK